Paulo Freire e a agenda da educaçâo Latino - Americana no século XXI /

Guardado en:
書目詳細資料
主要作者: Torres, Carlos Alberto
Autores Corporativos: CLACSO, Agencia Sueca de Desenvolvimiento Internacional ASDI
其他作者: org
格式: Texto
出版: Buenos Aires: CLACSO
標簽: 添加標簽
沒有標簽, 成為第一個標記此記錄!

MARC

LEADER 00000 a a2200000 04500
001 26743
003
040
020 |a 950-9231-63-0  
090 |a 149613  
100 |a Torres, Carlos Alberto  
110 |a CLACSO  
245 |a Paulo Freire e a agenda da educaçâo Latino - Americana no século XXI /  |c CLACSO  
260 |a Buenos Aires:   |b CLACSO  
300 |a 358 p  
500 |a Disponible en Cd, en No 194116  
700 |a org  
710 |a Agencia Sueca de Desenvolvimiento Internacional   |a ASDI  
999 |c 12015  |d 12015